[Event "Bunratty Masters"]
[Site "Bunratty IRL"]
[Date "2011.02.26"]
[Round "4"]
[White "Jones, Gawain C B"]
[Black "Short, Nigel D"]
[Result "1-0"]
[WhiteTitle "GM"]
[BlackTitle "GM"]
[WhiteElo "2593"]
[BlackElo "2658"]
[WhiteFideId "409561"]
[BlackFideId "400025"]
[EventDate "2011.02.25"]

1. e4 Nf6 2. e5 Nd5 3. d4 d6 4. c4 Nb6 5. f4 dxe5 6. fxe5 Nc6 7. Be3 Bf5 8. Nc3
e6 9. Nf3 Bg4 10. Be2 Bxf3 11. gxf3 Qh4+ 12. Bf2 Qf4 13. c5 Nd7 14. Qc1 Qxc1+
15. Rxc1 O-O-O 16. a3 Ndb8 17. Rd1 Ne7 18. f4 Nbc6 19. Bc4 g6 20. d5 exd5 21.
Nxd5 Nxd5 22. Bxd5 Bh6 23. Bh4 Rd7 24. Rf1 Re8 25. Bf6 Nd8 26. b4 Bf8 27. Bg2
Be7 28. Bh3 Ne6 29. Rxd7 Kxd7 30. f5 gxf5 31. Rxf5 Kd8 32. Kd2 c6 33. Rh5 Bxf6
34. exf6 Nf8 35. Rh4 b6 36. Kd3 Kc7 37. Re4 Rd8+ 38. Kc3 Ng6 39. Rd4 bxc5 40.
bxc5 Ne5 41. Bf5 h5 42. h3 Nd7 43. Bxd7 Rxd7 44. Kc4 Kd8 45. Kd3 Kc8 46. Ke4 Rb7
47. Ke5 Kc7 48. Ra4 Kd7 49. h4 Kc7 50. Kf5 1-0

[Event "Bunratty Masters"]
[Site "Bunratty IRL"]
[Date "2011.02.27"]
[Round "6"]
[White "Jones, Gawain C B"]
[Black "Baburin, Alexander"]
[Result "1-0"]
[WhiteTitle "GM"]
[BlackTitle "GM"]
[WhiteElo "2593"]
[BlackElo "2539"]
[WhiteFideId "409561"]
[BlackFideId "2500914"]
[EventDate "2011.02.25"]

1. e4 Nf6 2. e5 Nd5 3. d4 d6 4. c4 Nb6 5. f4 Bf5 6. Nf3 e6 7. Nc3 Na6 8. Bd3
Bxd3 9. Qxd3 c5 10. d5 exd5 11. cxd5 Be7 12. O-O O-O 13. Qe4 Nc7 14. Rd1 Qe8 15.
f5 Kh8 16. Bf4 Rd8 17. f6 gxf6 18. exd6 Bxd6 19. Qf5 Bxf4 20. Qxf6+ Kg8 21. Qxf4
Qd7 22. Ne5 Qe7 23. d6 1-0